Top 30 Ballon d'Or : 2017 - Statistiques

Statistiques générales
  • Ce quiz a été pris 55 fois
  • Le résultat moyen est 25 sur 30
Statistiques - réponses
Classement Pays Club Joueur % Correct
#1 POR REAL MADRID Cristiano Ronaldo
100%
#2 ARG BARCELONE Lionel Messi
100%
#3 BRE PSG Neymar Jr
98%
#5 CRO REAL MADRID Luka Modric
96%
#10 ANG TOTTENHAM Harry Kane
92%
#13 BEL MAN CITY Kevin De Bruyne
92%
#9 POL BAYERN MUNICH Robert Lewandowski
92%
#26 FRA REAL MADRID Karim Benzema
90%
#7 FRA PSG Kylian Mbappé
90%
#12 URU BARCELONE Luis Suarez
90%
#25 SEN LIVERPOOL Sadio Mané
90%
#18 FRA ATLETICO Antoine Griezmann
88%
#11 URU PSG Edinson Cavani
88%
#8 FRA CHELSEA N'Golo Kanté
88%
#24 COL MONACO Radamel Falcao
88%
#17 ALL REAL MADRID Toni Kroos
88%
#4 ITA JUVENTUS Gianluigi Buffon
85%
#6 ESP REAL MADRID Sergio Ramos
85%
#16 BRE REAL MADRID Marcelo
83%
#21 GAB DORTMUND Pierre-Emerick Aubameyang
83%
#19 BEL CHELSEA Eden Hazard
79%
#30 SLO ATLETICO Jan Oblak
79%
#15 ARG JUVENTUS Paulo Dybala
77%
#14 ESP MAN UNITED David de Gea
73%
#23 BEL NAPLES Dries Mertens
73%
#27 ITA JUVENTUS Leonardo Bonucci
71%
#20 ANG TOTTENHAM Dele Alli
67%
#22 ESP REAL MADRID Isco
65%
#28 ALL DORTMUND Mats Hummels
60%
#29 BRE LIVERPOOL Phillipe Coutinho
48%
Aucun quiz correspondant
Distribution des résultats
% des personnes avec chaque résultat
Percentile par nombre de réponses
Votre historique - résultats
Vous n’avez pas pris ce quiz